| 000 | 00693nam a2200241 i 4500 | ||
|---|---|---|---|
| 003 | URS | ||
| 005 | 20220117094913.0 | ||
| 008 | 170527b xxu||||| |||| 00| 0 eng d | ||
| 020 | _a9710857614 | ||
| 040 |
_erda _cCollege _beng |
||
| 050 | 0 | 0 |
_aHF5415 _bAl66 1994 |
| 100 | 1 |
_aAlminar, Ruby F., _eauthor |
|
| 245 | 1 | 0 |
_aElements of Marketing / _cAlminar, Ruby F. |
| 250 | _aRevised Edition. | ||
| 264 | 1 |
_aMandaluyong City: _bNational Book Store _c1994. |
|
| 300 |
_axvi, 228 pages: _billustrationss _c23 cm. |
||
| 336 |
_2rdacontent _atext |
||
| 337 |
_2rdamedia _aunmediated |
||
| 338 |
_2rdacarrier _avolume |
||
| 500 | _aIncludes bibliography | ||
| 650 | _aMarketing. | ||
| 942 |
_2lcc _cF |
||
| 999 |
_c11868 _d11868 |
||